000 01143nam a2200265Ia 4500
003 OSt
005 20221005104738.0
006 a|||||r|||| 00| 0
007 ta
008 221004b |||||||| |||| 00| 0 hin d
020 _a9789380172620 (pbk)
_c260
024 _a8747
037 _b20476, 08/01/2014, Hindi Madhyam Karyanvyan Nideshalye
_cTextual
040 _aCRL
_cCRL
_bhin
041 _2hin
_ahin
082 _aV2:2.P1, 152Q3
100 _aचौधरी, बी. एन., संपा.
245 0 _aभारत में संवैधानिक लोकतंत्र और शासन
246 _aBhārat mean sanvaidhānik lokatantra aur shāsana
260 _aदिल्ली
_bविश्वविद्यालय हिन्दी माध्यम कार्यान्वय निदेशालय भारत
_c2013
300 _a322पृ0
_ccm.
650 _aविश्व-इतिहास
942 _hV2:2.P1, 152Q3
_cTEXL
_2cc
999 _c1013660
_d1013660